| 000 | 03425namaa22004211i 4500 | ||
|---|---|---|---|
| 003 | OSt | ||
| 005 | 20251221105931.0 | ||
| 008 | 250827s2024 ua a|||frm||| 000 0 eng d | ||
| 040 |
_aEG-GICUC _bara _cEG-GICUC _dEG-GICUC _erda |
||
| 041 | 0 |
_aara _bara _beng |
|
| 049 | _aإيداع | ||
| 082 | 0 | 4 | _a722.2 |
| 092 |
_a722.2 _221 |
||
| 097 | _aمــــاجستير | ||
| 099 | _aCai01.14.02.M.Sc.2024.من.ت | ||
| 100 | 0 |
_a،منار أحمد السيد أحمد عطوة _eإعداد. |
|
| 245 | 1 | 2 |
_aالتصميم المعمارى ومتغيراته فى مصر القديمة حتى نهاية العصر المتأخر / _cإعداد منار أحمد السيد أحمد عطوة؛ إشراف أ.م د. مها سمير عبد السلام القناوى، أ.د. ياسر يحى أمين عبد العاطى. |
| 246 | 1 | 5 | _aArchitectural planning and its changes in ancient egypt till the end of the late period / |
| 264 | 0 | _c2024. | |
| 300 |
_a280 صفحة : _bإيضاحيات ؛ _c30 cm. + _eCD. |
||
| 336 |
_atext _2rda content |
||
| 337 |
_aUnmediated _2rdamedia |
||
| 338 |
_avolume _2rdacarrier |
||
| 502 | _aأطروحة (ماجستير)-جامعة القاهرة، 2024. | ||
| 504 | _aببليوجرافيا: صفحات 257-280. | ||
| 520 | _aتهدف الرسالة إلى توضيح مرحلة التخطيط من خلال الرسومات والنماذج المعمارية، وكذلك ما توصلنا إليه من التخطيط على أرض الواقع، وإن ينقصنا الكثير من المصادر والوثائق، فلقد تمت محاولة تكوين صورة إلى حد ما أعتمادا على ما توفر من مصادر، وبالتالى فتح المجال لما سيأتى بناء على ما سيتم اكتشافه فى المستقبل ليكمل ويوضح هذه المرحلة المعمارية. تشتمل الرسالة على مقدمة، وتمهيد، وخمسة فصول، وخاتمة، و169 شكل، و19 جدول، وفهرس المفردات، وقائمة مراجع عربية ومترجمة وأجنبية. | ||
| 520 | _athis thesis aims to clarify the planning phase through architectural drawings, models, as well as planning traces on the ground, despite the lack a lot of sources and documents. Attempts have been made to reach an understanding, relying on available sources, and thus open the way for others in the future to complete this architectural stage. The thesis includes an introduction, a preface, five chapters, and a conclusion. | ||
| 530 | _aصدر أيضًا كقرص مدمج. | ||
| 546 | _aالنص بالعربية والملخص باللغة الإنجليزية والعربية. | ||
| 650 | 7 |
_aالعمارة المصرية القديمة _2qrmak |
|
| 653 | 0 |
_aأبراج مراقبة _aتخطيطات _aتصميمات |
|
| 700 | 0 |
_aمها سمير عبد السلام القناوى _eمشرف أطروحة. |
|
| 700 | 0 |
_aياسر يحى أمين عبد العاطى _eمشرف أطروحة. |
|
| 900 |
_b01-01-2024 _cمها سمير عبد السلام القناوى _cياسر يحى أمين عبد العاطى _dجلال أحمد أبو بكر _dمنى أبو المعاطى النادى بيومى _Uجامعة القاهرة _Fكلية الآثار _Dقسم الآثار المصرية |
||
| 905 |
_aSara _eAfaf |
||
| 942 |
_2ddc _cTH _e21 _n0 |
||
| 999 | _c176400 | ||